000 00495nam a2200157 a 4500
001 000022495
005 20200930021636.0
008 101012s1980 dr r 000 0 spa d
020 _a8484010325
040 _aDO-SdBNP
_bspa
_cBNPHU
082 _axxxx
_bK69a
100 1 _aKnight, Melvin M.
_946341
245 1 4 _aLos americanos en Santo Domingo :
_bepisodios de imperialismo americano /
_cMelvin M. Knight.
260 _aSanto Domingo :
_bEditora Santo Domingo,
_c1980.
300 _a178 p. ;
_c25 cm.
999 _c21993
_d21993